| 000 | 00412nam a22001577a 4500 | ||
|---|---|---|---|
| 005 | 20260417093430.0 | ||
| 008 | 260417b |||||||| |||| 00| 0 eng d | ||
| 020 |
_a9783631506677 _qpbk |
||
| 082 |
_a305.3 _bOLE |
||
| 100 | _a Oleksy, Elzbieta | ||
| 245 | _aRepresenting Gender In Cultures | ||
| 260 |
_aAmerica _b Peter Lang Pub Inc _c1 August 2004 |
||
| 300 | _a244 p. | ||
| 504 | _aindex | ||
| 942 | _cREF | ||
| 999 |
_c619601 _d619601 |
||